| 000 | 00450nam a2200169Ia 4500 | ||
|---|---|---|---|
| 999 |
_c1422 _d1422 |
||
| 003 | OSt | ||
| 005 | 20200924101314.0 | ||
| 008 | 190216s9999||||xx |||||||||||||| ||und|| | ||
| 040 | _coclc | ||
| 082 |
_a577 _bMIS/E |
||
| 100 |
_aMisra, B _9682 |
||
| 245 | 0 |
_aElements Of Ecology / _cB Misra |
|
| 260 |
_bRasthogi Publications, _c1985. _aMeerut: |
||
| 300 | _a422p | ||
| 650 | _aBotany | ||
| 942 |
_cBK _2ddc _h577 _iMIS/E _k577 _mMIS/E |
||